Marine ecology and fisheries

Shranjeno v:
Bibliografske podrobnosti
Glavni avtor: Cushing, D. H (Author)
Format: Knjiga
Jezik:angleščina
Izdano: Cambridge Cambridge University Press 1975
Teme:
Oznake: Označite
Brez oznak, prvi označite!

MARC

LEADER 00000nam a2200000 a 4500
001 UCV5105
003 CL-VaPUC
008 920610e19750000US |||||||||||||||||eng|d
082 0 4 |a 577.7  |b CUS  |2 21 
100 0 |a Cushing, D. H  |e author  |9 299371 
245 1 0 |a Marine ecology and fisheries 
300 |a 278 p 
942 |c BK 
945 |d 19920610 00:00:00 
260 |a Cambridge  |b Cambridge University Press  |c 1975 
650 0 |a Ecología marina   |9 259946 
650 0 |a Industria pesquera  |9 255432 
583 |a last modification  |c 20120511 08:18:32  |k Rodrigo Vera 
999 |c 211700  |d 211698 
952 |0 0  |1 0  |2 ddc  |4 0  |6 577_700000000000000_CUS_1975  |7 0  |8 CCM  |9 191560  |a BIBCUR  |b BIBCUR  |c PAC  |d 2019-11-14  |i 2591065  |o 577.7 CUS 1975  |p 2591065  |r 2025-04-22  |w 2019-11-14  |y BK  |k CIM 
952 |0 0  |1 0  |4 0  |6 577_700000000000000_CUS_1975  |7 0  |8 A  |9 191561  |a BIBMAT  |b BIBMAT  |d 2019-11-14  |i 1494163  |o 577.7 CUS 1975  |p 1494163  |r 2025-01-07  |w 2019-11-14  |y BK  |k MAT